00409 a2200157 4500001000700000040002200007041001600029082001900045100001800064245002600082260006200108300000700170362001300177490002100190500004000211141177 cLeonardo Da Vinci aPortuguês aI S155ubS155u aSALES, Flavia aUm presente diferente bEditora Liberato de Publicaçõesc1986aRio de Janeiro a14 a19860000 aE o vento contou aSérgio S. Castro (Ilustração)